| 000 | 00470 a2200181 4500 | ||
|---|---|---|---|
| 005 | 20260129101645.0 | ||
| 008 | 260128b |||||||| |||| 00| 0 eng d | ||
| 020 |
_a9789390461011 _cRs. 700.00 |
||
| 040 | _aMAIN | ||
| 082 |
_a796.07 _bM295P |
||
| 100 | _aMalik, Sanjay | ||
| 245 | _aPhysical education universe | ||
| 260 |
_bKhel Sahitya Kendra _aNew Delhi _c2025 |
||
| 300 | _a494 | ||
| 650 | _aPhysical Education | ||
| 700 | _aDhankhar, Yogesh | ||
| 942 | _cBK | ||
| 999 |
_c393762 _d393762 |
||